Základné sociálno-ekonomické charakteristiky nových krajov a okresov Slovenska. 25

Porovnanie základných charakteristík okresov a krajov Slovenska. Prešovský kraj - stavebníctvo, poľnohospodárstvo a lesné hospodárstvo, infraštruktúra, školstvo, inštitúcie kapitálového trhu, zdravotníctvo.

Enregistré dans:
Détails bibliographiques
Auteur principal: Rajčák, Milan
Format: Chapitre de livre
Langue:slovaque
Sujets:
Tags: Ajouter un tag
Pas de tags, Soyez le premier à ajouter un tag!

MARC

LEADER 00000naa a2200000 4500
001 r027098
005 20230921081131.9
041 0 |a slo 
044 |a SK 
245 1 0 |a Základné sociálno-ekonomické charakteristiky nových krajov a okresov Slovenska. 25  |c M. Rajčák 
520 |a Porovnanie základných charakteristík okresov a krajov Slovenska. Prešovský kraj - stavebníctvo, poľnohospodárstvo a lesné hospodárstvo, infraštruktúra, školstvo, inštitúcie kapitálového trhu, zdravotníctvo. 
610 2 0 |a členenie územné administratívne 
610 2 0 |a kraje 
610 2 0 |a okresy 
610 2 0 |a zákony 
610 2 0 |a Slovensko 
610 2 0 |a Prešovský kraj 
610 2 0 |a stavebníctvo 
610 2 0 |a poľnohospodárstvo 
610 2 0 |a hospodárstvo lesné 
610 2 0 |a infraštruktúra 
610 2 0 |a školstvo 
610 2 0 |a trh kapitálový 
610 2 0 |a zdravotníctvo 
100 1 |a Rajčák, Milan